000
00295nam a2200121Ia 4500
008
190216s9999||||xx |||||||||||||| ||und||
100
_a
Pillai N N
245
0
_a
Meharbani
260
_b
Sahithya Pravarthaka Sahakarana Sangam
_c
1969
300
_a
60p
650
_a
Malayalam Nadakam
942
_c
BK
999
_c
24704
_d
24704